[Event "XI Festival A"]
[Site "Campobasso ITA"]
[Date "2004.07.11"]
[Round "5"]
[White "Adamo, Luigi"]
[Black "Bottino, Alexiei"]
[Result "1/2-1/2"]
[WhiteElo "1742"]
[BlackElo "2061"]
[PlyCount "120"]
[EventDate "2004.07.09"]

1. e4 c5 2. Nf3 Nc6 3. d4 cxd4 4. Nxd4 Qb6 5. Nb3 Nf6 6. Nc3 e6 7. Be3 Qc7 8.
a3 a6 9. f4 d6 10. Bd3 b5 11. O-O Bb7 12. Qe2 Be7 13. Kh1 h5 14. Rae1 Ng4 15.
Bg1 Rc8 16. Nd2 g5 17. f5 Nce5 18. Nf3 Nc4 19. Bxc4 Qxc4 20. fxe6 fxe6 21. Qxc4
Rxc4 22. Nd4 Rh6 23. Re2 h4 24. h3 Ne5 25. Nf3 Rf6 26. Be3 Bxe4 27. Bxg5 Bxf3
28. gxf3 Rf5 29. Bxe7 Kxe7 30. Nd1 Rcf4 31. Re3 Nxf3 32. Nc3 Ne5 33. Rxf4 Rxf4
34. Kg2 Rd4 35. Re2 Nc4 36. Na2 a5 37. Nc3 b4 38. axb4 axb4 39. Nb5 Rd5 40. Nc7
Rg5+ 41. Kf2 Rf5+ 42. Kg1 Re5 43. Rxe5 Nxe5 44. Na6 Nc6 45. Kf2 Kf6 46. Ke3 Kf5
47. Nc7 d5 48. c3 b3 49. Nb5 e5 50. Nc7 Na5 51. Nxd5 Nc4+ 52. Kf3 Nxb2 53. Ne3+
Ke6 54. Ke4 Na4 55. Kd3 e4+ 56. Kd2 b2 57. Kc2 Ke5 58. Ng2 Nxc3 59. Kxb2 Ne2
60. Kc2 Nf4 1/2-1/2

[Event "XI Festival A"]
[Site "Campobasso ITA"]
[Date "2004.07.11"]
[Round "5"]
[White "Affinito, Pancrazio"]
[Black "Napoli, Nicolo'"]
[Result "0-1"]
[WhiteElo "2115"]
[BlackElo "2172"]
[PlyCount "86"]
[EventDate "2004.07.09"]

1. d4 g6 2. Nf3 Bg7 3. Bf4 c5 4. c3 Qb6 5. Qb3 cxd4 6. Qxb6 axb6 7. cxd4 Nc6 8.
e3 Nb4 9. Kd2 Rxa2 10. Rxa2 Nxa2 11. Nc3 Nxc3 12. bxc3 Nf6 13. Bd3 O-O 14. Rb1
d6 15. Rxb6 Nd5 16. Rb5 Nxf4 17. exf4 Bh6 18. g3 Bd7 19. Rb2 Bc6 20. Ke3 Re8
21. Bb5 e5 22. Bxc6 exf4+ 23. Kd3 bxc6 24. Rb7 fxg3 25. hxg3 Bf8 26. Ng5 Be7
27. Nf3 h5 28. Rc7 c5 29. dxc5 dxc5 30. Kc4 g5 31. Rd7 Kg7 32. Rd5 f6 33. Kb5
Rb8+ 34. Kc4 Rb2 35. Rd2 Rxd2 36. Nxd2 h4 37. gxh4 gxh4 38. Ne4 f5 39. Nd2 h3
40. Nf3 Bd6 41. Kd5 h2 42. Nxh2 Bxh2 43. Kxc5 Kf6 0-1

[Event "XI Festival A"]
[Site "Campobasso ITA"]
[Date "2004.07.11"]
[Round "5"]
[White "Cappai, Davide"]
[Black "Shytaj, Luca"]
[Result "0-1"]
[WhiteElo "2132"]
[BlackElo "2344"]
[PlyCount "76"]
[EventDate "2004.07.09"]

1. e4 c5 2. Nf3 d6 3. d4 cxd4 4. Nxd4 Nf6 5. Nc3 a6 6. Bg5 e6 7. f4 Nbd7 8. Qf3
Qc7 9. O-O-O b5 10. Bd3 Bb7 11. Rhe1 O-O-O 12. Bh4 b4 13. Nb1 Kb8 14. Qf1 Nc5
15. Nb3 Nxd3+ 16. Qxd3 Rc8 17. Rd2 d5 18. e5 Ne4 19. Bf2 Qc4 20. Bg1 Nxd2 21.
Kxd2 Qxf4+ 22. Be3 Qc4 23. Rc1 Qxd3+ 24. Kxd3 d4 25. Bxd4 Bxg2 26. N1d2 Bd5 27.
c4 bxc3 28. bxc3 Bxb3 29. Nxb3 Be7 30. Rg1 Rhg8 31. Rf1 Rgf8 32. Rg1 g5 33. c4
f5 34. c5 f4 35. Rc1 f3 36. Rc2 Rcd8 37. Rf2 g4 38. Na5 Bxc5 0-1

[Event "XI Festival A"]
[Site "Campobasso ITA"]
[Date "2004.07.11"]
[Round "5"]
[White "Damia, Angelo"]
[Black "Mazzilli, Piero"]
[Result "0-1"]
[WhiteElo "2129"]
[BlackElo "2302"]
[PlyCount "50"]
[EventDate "2004.07.09"]

1. e4 c5 2. Nf3 d6 3. d4 cxd4 4. Nxd4 Nf6 5. Nc3 a6 6. Bg5 e6 7. f4 Qb6 8. Qd2
Qxb2 9. Rb1 Qa3 10. Bxf6 gxf6 11. Bc4 Nc6 12. Nxc6 bxc6 13. Bb3 Qc5 14. Na4 Qa7
15. Rf1 Be7 16. f5 O-O 17. g4 Kh8 18. h4 Rg8 19. g5 d5 20. fxe6 Bxe6 21. gxf6
Bf8 22. Qf2 Qc7 23. Qf4 Bd6 24. Qe3 Rg4 25. Nc3 Qa5 0-1

[Event "XI Festival A"]
[Site "Campobasso ITA"]
[Date "2004.07.11"]
[Round "5"]
[White "Di Lascio, Savino"]
[Black "Caputi, Nicola"]
[Result "1/2-1/2"]
[WhiteElo "2024"]
[BlackElo "2067"]
[PlyCount "66"]
[EventDate "2004.07.09"]

1. Nf3 d5 2. g3 Nc6 3. Bg2 e5 4. d3 Be6 5. O-O Qd7 6. Ng5 h6 7. Nxe6 Qxe6 8. c3
Nf6 9. Qb3 Rb8 10. e4 d4 11. Qxe6+ fxe6 12. Bh3 Kf7 13. f4 dxc3 14. fxe5 Bc5+
15. Kh1 Nxe5 16. Nxc3 Nxd3 17. Nd1 Rhe8 18. Be3 Bb6 19. Bxb6 axb6 20. Nc3 Rbd8
21. Rad1 Ne5 22. Nb5 Rxd1 23. Rxd1 Nxe4 24. Rf1+ Nf6 25. Nxc7 Re7 26. Nb5 h5
27. Bg2 Rd7 28. Bxb7 Rd2 29. Nc3 Neg4 30. h4 Rxb2 31. a4 Ke7 32. Bf3 Nh2 33.
Nd1 Rd2 1/2-1/2

[Event "XI Festival A"]
[Site "Campobasso ITA"]
[Date "2004.07.11"]
[Round "5"]
[White "Femiano, Andrea"]
[Black "Della Corte, Alessandro"]
[Result "1-0"]
[WhiteElo "2125"]
[BlackElo "2128"]
[PlyCount "111"]
[EventDate "2004.07.09"]

1. e4 c5 2. Nf3 Nc6 3. d4 cxd4 4. Nxd4 e5 5. Nb5 d6 6. N1c3 a6 7. Na3 Be7 8.
Nd5 Be6 9. Be3 Bxd5 10. exd5 Nb8 11. Be2 Nf6 12. O-O O-O 13. c4 Nbd7 14. Nc2 a5
15. Na3 Ne4 16. f3 Nec5 17. Nb5 Ra6 18. f4 exf4 19. Bxf4 Ne5 20. Qc2 Re8 21.
Kh1 Bf6 22. Rae1 Ng6 23. Bc1 Be5 24. Qf5 Rf8 25. Qh3 Ra8 26. Bd1 Qh4 27. Qxh4
Nxh4 28. Bc2 Rae8 29. Re2 Ng6 30. g3 f6 31. Rfe1 Kf7 32. b3 Ke7 33. a3 Kd7 34.
b4 axb4 35. axb4 Na6 36. Bf5+ Kd8 37. Bd2 Ne7 38. Be6 f5 39. Be3 Nc8 40. Rb1 f4
41. gxf4 Bxf4 42. Bd4 Bh6 43. Rg1 g6 44. c5 Nxb4 45. cxd6 Nxd5 46. d7 Rxe6 47.
dxc8=Q+ Kxc8 48. Rxe6 Rf4 49. Rd6 Nb4 50. Bb6 Rf8 51. Na7+ Kb8 52. Nb5 Nc6 53.
Rd7 Ne5 54. Rxh7 Be3 55. Bc7+ Ka8 56. Ra1+ 1-0

[Event "XI Festival A"]
[Site "Campobasso ITA"]
[Date "2004.07.11"]
[Round "5"]
[White "Ficco, Corrado"]
[Black "Cordi', Domenico"]
[Result "1-0"]
[WhiteElo "2145"]
[BlackElo "2110"]
[PlyCount "107"]
[EventDate "2004.07.09"]

1. e4 c5 2. Nf3 e6 3. d4 cxd4 4. Nxd4 d6 5. c4 Nf6 6. Nc3 Be7 7. Be2 O-O 8. O-O
a6 9. Be3 Nc6 10. Rc1 Bd7 11. Qd2 Qb8 12. f4 Rd8 13. Bf3 Be8 14. Qf2 Rc8 15. b3
b5 16. cxb5 Nxd4 17. Bxd4 e5 18. Be3 axb5 19. Nd5 Nxd5 20. exd5 Bf6 21. Rxc8
Qxc8 22. Rc1 Qa6 23. Rc2 b4 24. fxe5 Bxe5 25. Bd4 Bxd4 26. Qxd4 Qa7 27. Qxa7
Rxa7 28. Rc4 Rb7 29. Kf2 Kf8 30. Ke3 Bd7 31. Bg4 f5 32. Bf3 g5 33. g3 Kf7 34.
Kd4 Kf6 35. Rc1 g4 36. Be2 Ra7 37. Rc2 Kg5 38. Bd3 h5 39. Re2 f4 40. gxf4+ Kxf4
41. Rf2+ Kg5 42. Rf7 Rxa2 43. Rxd7 Rxh2 44. Rxd6 h4 45. Rg6+ Kf4 46. d6 Ra2 47.
d7 Ra8 48. Be2 Kf5 49. Rxg4 Rd8 50. Rg7 Kf6 51. Rh7 Kg6 52. Bd3+ Kg5 53. Ke5 h3
54. Ke6 1-0

[Event "XI Festival A"]
[Site "Campobasso ITA"]
[Date "2004.07.11"]
[Round "5"]
[White "Gagliardi, Pietro"]
[Black "Pazderski, Bartlomiej"]
[Result "1-0"]
[WhiteElo "2201"]
[BlackElo "1835"]
[PlyCount "93"]
[EventDate "2004.07.09"]

1. e4 c5 2. Nf3 d6 3. d4 cxd4 4. Nxd4 Nf6 5. Nc3 a6 6. a4 e6 7. Be2 Be7 8. O-O
O-O 9. Be3 Nbd7 10. f4 Qc7 11. Nb3 b6 12. Bf3 Bb7 13. Qe2 Rfe8 14. g4 d5 15. e5
Ne4 16. Bxe4 dxe4 17. g5 f6 18. exf6 gxf6 19. h4 Kh8 20. Rf2 Rg8 21. Rg2 Bd6
22. Rf1 f5 23. Qh5 Rg6 24. Nd4 Re8 25. Rd2 Nf6 26. Qe2 Nd5 27. Nxd5 Bxd5 28. b3
Bb4 29. Rdd1 Bb7 30. c4 Bc8 31. Qb2 e5 32. fxe5 Qxe5 33. Qh2 Qxh2+ 34. Kxh2
Bd6+ 35. Kh1 Rf8 36. Ne2 Be5 37. Rd5 Bc7 38. Bf4 Bxf4 39. Nxf4 Rg7 40. Rd6 Bb7
41. Kh2 e3 42. Re6 Be4 43. Re1 Rd7 44. Rxe3 Rd2+ 45. Kg3 Rfd8 46. Rxb6 Rc2 47.
Ne6 1-0

[Event "XI Festival A"]
[Site "Campobasso ITA"]
[Date "2004.07.11"]
[Round "5"]
[White "Messina, Enrico"]
[Black "Pagano, Sergio"]
[Result "1-0"]
[WhiteElo "2112"]
[BlackElo "1906"]
[PlyCount "73"]
[EventDate "2004.07.09"]

1. e4 c6 2. d4 d5 3. f3 Nd7 4. Nc3 e6 5. Be3 Qb6 6. Qc1 Bb4 7. Nge2 Qc7 8. a3
Bd6 9. Qd2 Qb8 10. Bf2 b5 11. a4 b4 12. Nd1 Ba6 13. Ne3 dxe4 14. fxe4 Ngf6 15.
Ng3 Bxf1 16. Nexf1 Bf4 17. Be3 Bc7 18. Qe2 a5 19. Nd2 Bxg3+ 20. hxg3 Qxg3+ 21.
Bf2 Qc7 22. O-O-O Nb6 23. b3 h5 24. Rh3 Ng4 25. Bg3 Qe7 26. Nf3 g6 27. Kb1 O-O
28. Bh4 Qe8 29. Ne5 f5 30. Rg3 Kh7 31. Rh1 Nxe5 32. dxe5 Nd7 33. exf5 exf5 34.
e6 Nc5 35. e7 Rh8 36. Bf6 Ne4 37. Rxh5+ 1-0

[Event "XI Festival A"]
[Site "Campobasso ITA"]
[Date "2004.07.11"]
[Round "5"]
[White "Mitkov, Nikola"]
[Black "Collutiis, Duilio"]
[Result "1/2-1/2"]
[WhiteElo "2534"]
[BlackElo "2387"]
[PlyCount "66"]
[EventDate "2004.07.09"]

1. e4 c5 2. Nc3 Nc6 3. Nf3 e6 4. d4 cxd4 5. Nxd4 Qc7 6. Be3 a6 7. Nxc6 Qxc6 8.
a4 d6 9. Bd3 Nf6 10. O-O Be7 11. f4 Qc7 12. Qf3 Bd7 13. Kh1 Bc6 14. Bd4 O-O 15.
Rae1 Rad8 16. Qe3 Nd7 17. Nd5 Bxd5 18. exd5 e5 19. Qh3 g6 20. f5 Nf6 21. Be3
Qd7 22. b3 Nxd5 23. Bh6 Nf4 24. Bxf4 exf4 25. Rxf4 Bg5 26. Rg4 Rde8 27. Rf1 Re3
28. Rg3 Rxg3 29. Qxg3 Bf6 30. Qf3 Kg7 31. Be4 b6 32. c4 a5 33. g3 Qe7 1/2-1/2

[Event "XI Festival A"]
[Site "Campobasso ITA"]
[Date "2004.07.11"]
[Round "5"]
[White "Mrdja, Milan"]
[Black "Ljubisavljevic, Zivojin Z."]
[Result "1-0"]
[WhiteElo "2432"]
[BlackElo "2280"]
[PlyCount "69"]
[EventDate "2004.07.09"]

1. e4 e6 2. d4 d5 3. Nc3 Bb4 4. e5 c5 5. a3 Bxc3+ 6. bxc3 Qc7 7. Qg4 f5 8. Qg3
Nc6 9. Nf3 cxd4 10. cxd4 b6 11. Bd2 Bb7 12. Bd3 O-O-O 13. O-O Qf7 14. a4 Nge7
15. a5 bxa5 16. Bxa5 Nxa5 17. Rxa5 Nc6 18. Rc5 Rd7 19. Bb5 Rc7 20. Bxc6 Rxc6
21. Rxc6+ Bxc6 22. Nd2 Bb5 23. Rb1 a6 24. Qa3 Qc7 25. Nb3 g5 26. Nc5 Qc6 27.
Nxe6 Qxe6 28. Rxb5 axb5 29. Qa8+ Kc7 30. Qxh8 h6 31. Qg7+ Kc6 32. Qa7 Qe8 33.
Qc5+ Kb7 34. Qxd5+ Ka6 35. h3 1-0

[Event "XI Festival A"]
[Site "Campobasso ITA"]
[Date "2004.07.11"]
[Round "5"]
[White "Petruccioli, Antonio"]
[Black "Massetti, Gianfranco"]
[Result "1/2-1/2"]
[WhiteElo "2091"]
[BlackElo "2017"]
[PlyCount "89"]
[EventDate "2004.07.09"]

1. e4 e6 2. d4 c5 3. c3 Nf6 4. e5 Nd5 5. Nf3 Nc6 6. c4 Nb6 7. d5 exd5 8. cxd5
Nb4 9. d6 h6 10. Nc3 g6 11. a3 Na6 12. Bxa6 bxa6 13. Nd5 Nxd5 14. Qxd5 Rb8 15.
Qxc5 Qb6 16. b4 Bb7 17. Be3 Bg7 18. Bd4 O-O 19. O-O Rfc8 20. Qxb6 axb6 21. Rac1
Bc6 22. Nd2 a5 23. Nc4 axb4 24. Nxb6 Re8 25. axb4 Bxe5 26. Bc5 Bxd6 27. Rfd1
Bxc5 28. bxc5 Re7 29. h3 Rb7 30. Rd4 Kg7 31. Rc2 g5 32. f3 h5 33. Kf2 h4 34. f4
f6 35. Rcd2 Kg6 36. Nc8 Rg7 37. f5+ Kh6 38. Rd6 Rf7 39. Nb6 Ra7 40. g3 hxg3+
41. Kxg3 Ra3+ 42. Kh2 Re7 43. R6d4 Kh5 44. R2d3 Ra2+ 45. Kg1 1/2-1/2

[Event "XI Festival A"]
[Site "Campobasso ITA"]
[Date "2004.07.11"]
[Round "5"]
[White "Pulimeno, Roberto"]
[Black "Stromboli, Carlo"]
[Result "1/2-1/2"]
[WhiteElo "1916"]
[BlackElo "2020"]
[PlyCount "89"]
[EventDate "2004.07.09"]

1. e4 e5 2. Nf3 Nc6 3. Bb5 a6 4. Ba4 Nf6 5. O-O b5 6. Bb3 Bc5 7. d3 h6 8. c3
O-O 9. h3 d6 10. Nbd2 Bb7 11. Re1 Re8 12. Nf1 d5 13. Ng3 dxe4 14. dxe4 Qxd1 15.
Bxd1 Rad8 16. Be3 Bxe3 17. Rxe3 Nd7 18. Ne1 Nb6 19. b3 Bc8 20. Rd3 a5 21. Ne2
a4 22. Bc2 Kf8 23. f3 Ke7 24. Kf2 Be6 25. Rad1 Na5 26. Rxd8 Rxd8 27. Rxd8 Kxd8
28. Nc1 Ke7 29. Ned3 Kd6 30. Nb2 axb3 31. axb3 c5 32. Ke3 g6 33. g4 g5 34. Nd1
b4 35. cxb4 cxb4 36. Nf2 Nd7 37. Nfd3 Nc6 38. Na2 Nc5 39. Naxb4 Nxb4 40. Nxb4
Nxb3 41. Bxb3 Bxb3 42. Kf2 Bc4 43. Nc2 Kc5 44. Ne3 Be6 45. Ng2 1/2-1/2

[Event "XI Festival A"]
[Site "Campobasso ITA"]
[Date "2004.07.11"]
[Round "5"]
[White "Ragnoni, Alessandro"]
[Black "Valotta, Massimiliano"]
[Result "1/2-1/2"]
[WhiteElo "2075"]
[BlackElo "1838"]
[PlyCount "119"]
[EventDate "2004.07.09"]

1. e4 d6 2. d4 g6 3. Be2 Bg7 4. Nc3 Nf6 5. h4 h6 6. Be3 Nc6 7. Nh3 e5 8. d5 Ne7
9. f3 Nh5 10. g4 Ng3 11. Rg1 Nxe2 12. Qxe2 h5 13. Bf2 b6 14. O-O-O a5 15. a4
Bh6+ 16. Kb1 hxg4 17. fxg4 Ba6 18. Qf3 Ng8 19. g5 Bg7 20. Nb5 Bxb5 21. axb5 Qd7
22. c4 O-O-O 23. Rdf1 Rf8 24. Qa3 Kd8 25. Be1 Ne7 26. Rf3 Ke8 27. Rgf1 Qg4 28.
Qe3 f5 29. gxf6 Bxf6 30. Rg1 Qh5 31. b4 axb4 32. Rgf1 Bxh4 33. Rxf8+ Rxf8 34.
Rxf8+ Kxf8 35. Bxh4 Qxh4 36. Ng5 Ke8 37. Kb2 Qf4 38. Qxf4 exf4 39. Kb3 Kf8 40.
Ne6+ Kf7 41. Nxf4 Kf6 42. Nd3 g5 43. c5 dxc5 44. e5+ Kf7 45. Kc4 b3 46. d6 cxd6
47. exd6 Nf5 48. Ne5+ Ke6 49. d7 Nd6+ 50. Kxb3 Nb7 51. Nc4 Kxd7 52. Nxb6+ Kd6
53. Kc3 Ke5 54. Kd3 Kf4 55. Nd5+ Kf3 56. Nf6 g4 57. Nxg4 Kxg4 58. Kc4 Kf5 59.
Kd5 Kf6 60. b6 1/2-1/2

[Event "XI Festival A"]
[Site "Campobasso ITA"]
[Date "2004.07.11"]
[Round "5"]
[White "Scagliarini, Bruno"]
[Black "Casale, Antonio"]
[Result "1-0"]
[WhiteElo "2019"]
[BlackElo "1844"]
[PlyCount "93"]
[EventDate "2004.07.09"]

1. c4 c6 2. g3 d5 3. Bg2 Nf6 4. Nf3 e6 5. b3 Bd6 6. O-O O-O 7. Bb2 Nbd7 8. d4
b6 9. Nbd2 Bb7 10. Ne5 Qc7 11. e4 dxe4 12. Nxe4 Nxe4 13. Bxe4 Nxe5 14. dxe5 Bc5
15. Qh5 g6 16. Qf3 Rfd8 17. Rad1 Rxd1 18. Rxd1 Rd8 19. h4 h5 20. Kg2 Rxd1 21.
Qxd1 Kg7 22. Bc1 Kh7 23. Qxh5+ Kg8 24. Qg4 Kf8 25. h5 gxh5 26. Qxh5 Ke8 27. Bg5
Qd7 28. Qh8+ Bf8 29. Bh6 Qe7 30. g4 Qb4 31. Qxf8+ Qxf8 32. Bxf8 Kxf8 33. b4 Ke7
34. b5 Kd7 35. Kf3 Kc7 36. Ke3 Bc8 37. a4 Bb7 38. f4 c5 39. Bxb7 Kxb7 40. f5
exf5 41. gxf5 Kc7 42. Ke4 Kd7 43. Kd5 Kc7 44. e6 fxe6+ 45. Kxe6 Kd8 46. Kf7 Kd7
47. f6 1-0

[Event "XI Festival A"]
[Site "Campobasso ITA"]
[Date "2004.07.11"]
[Round "5"]
[White "Voiska, Margarita"]
[Black "Stromboli, Ettore"]
[Result "1-0"]
[WhiteElo "2387"]
[BlackElo "2116"]
[PlyCount "59"]
[EventDate "2004.07.09"]

1. Nf3 Nf6 2. c4 b6 3. g3 Bb7 4. Bg2 e6 5. O-O Be7 6. Nc3 O-O 7. Re1 d5 8. cxd5
Nxd5 9. d4 c5 10. e4 cxd4 11. Nxd5 exd5 12. e5 Nc6 13. a3 f6 14. e6 Re8 15. b3
Bd6 16. Nh4 Ne7 17. Bb2 Rc8 18. Bxd4 Qc7 19. Qh5 Qc2 20. b4 Rf8 21. Bf1 Be5 22.
Rad1 Bxd4 23. Rxd4 Qc3 24. Red1 Rc6 25. Bd3 h6 26. Nf5 Nxf5 27. Qxf5 Rfc8 28.
Qh7+ Kf8 29. Qh8+ Ke7 30. Qxg7+ 1-0

[Event "XI Festival A"]
[Site "Campobasso ITA"]
[Date "2004.07.11"]
[Round "5"]
[White "Zimina, Olga"]
[Black "Georgiev, Vladimir"]
[Result "0-1"]
[WhiteElo "2430"]
[BlackElo "2511"]
[PlyCount "192"]
[EventDate "2004.07.09"]

1. e4 c5 2. Nf3 Nc6 3. Nc3 g6 4. d4 cxd4 5. Nxd4 Bg7 6. Be3 Nf6 7. Bc4 Qa5 8.
O-O O-O 9. Bb3 d6 10. h3 Bd7 11. Qd2 Nxd4 12. Qxd4 Ng4 13. Qd5 Qxd5 14. Nxd5
Nxe3 15. Nxe7+ Kh8 16. fxe3 Rae8 17. Nd5 Bxb2 18. Rab1 Ba3 19. Nf6 Re7 20. Nxd7
Rxd7 21. Rf3 Kg7 22. Kf2 Rc7 23. Ke2 f6 24. Kd3 Rfc8 25. Be6 Re8 26. Bd5 b6 27.
Rb3 Bc5 28. Rb1 Rec8 29. Be6 Rf8 30. g4 Re7 31. Bd5 Re5 32. Rbf1 h5 33. Bc4 Ba3
34. Bd5 Rg5 35. Be6 Bb2 36. c3 Rc5 37. c4 hxg4 38. hxg4 Re5 39. Bd5 Rg5 40. Rh3
Rh8 41. Rxh8 Kxh8 42. Rh1+ Kg7 43. Rh4 Be5 44. Be6 Bg3 45. Rh3 Be1 46. Rh1 Bb4
47. Rb1 Ba3 48. Rb3 Bc5 49. Rb1 Re5 50. Bd5 Kh6 51. Ke2 Kg5 52. Kf3 Re7 53. Rh1
Ba3 54. Rh2 Rc7 55. Be6 Bb4 56. Rh8 Bc3 57. Rg8 Kh6 58. Rh8+ Kg7 59. Rg8+ Kh7
60. Rd8 Rc5 61. Rd7+ Kh6 62. Rxa7 Re5 63. Bd5 Re8 64. Rb7 Ba5 65. Kf4 Rh8 66.
a3 Bc3 67. Rxb6 Be5+ 68. Kf3 Kg5 69. Be6 Rh3+ 70. Ke2 Rh2+ 71. Kd3 Kh4 72. Rb5
Ra2 73. Ra5 Ra1 74. Bf7 g5 75. Be6 Kg3 76. c5 dxc5 77. Rxc5 Rxa3+ 78. Kc4 Rxe3
79. Kd5 Rd3+ 80. Kc4 Rd1 81. Bf5 Kf3 82. Rb5 Ke3 83. Rb3+ Kf4 84. Rd3 Rg1 85.
Rb3 Rxg4 86. Bxg4 Kxg4 87. Ra3 Kf4 88. Kd3 g4 89. Ra1 g3 90. Rf1+ Kg4 91. Rg1
Bd6 92. Ke2 Bc5 93. Rg2 Kf4 94. Kd3 Bf2 95. Ke2 Kxe4 96. Kf1 Ke3 0-1

[Event "XI Festival A"]
[Site "Campobasso ITA"]
[Date "2004.07.11"]
[Round "6"]
[White "Adamo, Luigi"]
[Black "Petruccioli, Antonio"]
[Result "0-1"]
[WhiteElo "1742"]
[BlackElo "2091"]
[PlyCount "72"]
[EventDate "2004.07.09"]

1. e4 c5 2. Nf3 e6 3. d4 cxd4 4. Nxd4 Nf6 5. Bd3 a6 6. a4 d6 7. Nc3 b6 8. Qe2
Bb7 9. Bg5 Be7 10. O-O Nbd7 11. Kh1 h6 12. Be3 O-O 13. f4 Re8 14. Rf3 Bf8 15.
Rg3 Kh8 16. Rf1 e5 17. Nf5 d5 18. fxe5 Nxe5 19. exd5 Nxd5 20. Bxh6 gxh6 21.
Nxh6 Bxh6 22. Qh5 Re6 23. Bf5 Qf6 24. Ne4 Nf4 25. Nxf6 Nxh5 26. Nxh5 Rd6 27.
Re3 Rg8 28. Ng3 Rd2 29. Bh3 Ng4 30. Re7 Bd5 31. c4 Be6 32. Ne4 Rxb2 33. Rd1 Ne3
34. Re1 Nxg2 35. Bxg2 Rgxg2 36. Re8+ Kg7 0-1

[Event "XI Festival A"]
[Site "Campobasso ITA"]
[Date "2004.07.11"]
[Round "6"]
[White "Bottino, Alexiei"]
[Black "Gagliardi, Pietro"]
[Result "1-0"]
[WhiteElo "2061"]
[BlackElo "2201"]
[PlyCount "103"]
[EventDate "2004.07.09"]

1. d4 Nf6 2. c4 c5 3. d5 d6 4. Nc3 g6 5. e4 Bg7 6. Nf3 O-O 7. Be2 e6 8. O-O
exd5 9. cxd5 Re8 10. Qc2 a6 11. a4 Bg4 12. a5 Nbd7 13. Re1 Qc7 14. Bd2 h6 15.
Ra3 Kh7 16. Bf1 Bxf3 17. gxf3 Nh5 18. f4 Qd8 19. Ne2 Nhf6 20. Bg2 Ng8 21. Rh3
Rc8 22. Bc3 Bxc3 23. Qxc3 Qf6 24. Qxf6 Ngxf6 25. Re3 Rb8 26. Ng3 Kg7 27. h3 b6
28. e5 Ng8 29. e6 fxe6 30. dxe6 Ndf6 31. Rd3 d5 32. Bxd5 Nxd5 33. Rxd5 Nf6 34.
Rd6 bxa5 35. Rxa6 Re7 36. Rxa5 Rxb2 37. Rxc5 Rb4 38. f5 g5 39. Rec1 h5 40. Rc7
Rb7 41. Rxe7+ Rxe7 42. Rc5 h4 43. Nf1 Ra7 44. Ne3 Ne4 45. Rd5 Nf6 46. Re5 Re7
47. Nd5 Nxd5 48. Rxd5 Kf6 49. Rd7 Rxd7 50. exd7 Ke7 51. Kg2 Kxd7 52. Kf3 1-0

[Event "XI Festival A"]
[Site "Campobasso ITA"]
[Date "2004.07.11"]
[Round "6"]
[White "Casale, Antonio"]
[Black "Caputi, Nicola"]
[Result "0-1"]
[WhiteElo "1844"]
[BlackElo "2067"]
[PlyCount "94"]
[EventDate "2004.07.09"]

1. d4 Nf6 2. Nf3 c5 3. c3 cxd4 4. cxd4 d6 5. e3 g6 6. Bd3 Bg7 7. O-O O-O 8. Qe2
Nc6 9. Nbd2 a6 10. b3 Bd7 11. Ba3 b5 12. Rfc1 Qa5 13. Bb2 Qb6 14. a3 Rfc8 15.
Rc2 Rc7 16. Rac1 Rac8 17. h3 Nh5 18. Kh2 e5 19. g4 Nf6 20. dxe5 dxe5 21. Nxe5
Nxe5 22. Bxe5 Nxg4+ 23. hxg4 Bxe5+ 24. f4 Rxc2 25. Rxc2 Rxc2 26. Bxc2 Bg7 27.
Kg3 Qc5 28. Qd3 Bc6 29. b4 Qe7 30. g5 Bb2 31. Nb3 h6 32. gxh6 Bf6 33. Nc5 Bh4+
34. Kh3 Bf2 35. e4 Qh4+ 36. Kg2 Qxf4 37. h7+ Kxh7 38. Qh3+ Kg7 39. Qc3+ Kg8 40.
Nxa6 Bh4 41. Qf3 Qg5+ 42. Kh2 Bd7 43. Nc5 Bg4 44. Qg2 Qf4+ 45. Kg1 Qe3+ 46. Kh2
Bf3 47. Qf1 Qf4+ 0-1

[Event "XI Festival A"]
[Site "Campobasso ITA"]
[Date "2004.07.11"]
[Round "6"]
[White "Collutiis, Duilio"]
[Black "Naumkin, Igor"]
[Result "1/2-1/2"]
[WhiteElo "2387"]
[BlackElo "2457"]
[PlyCount "38"]
[EventDate "2004.07.09"]

1. e4 e5 2. Nf3 Nc6 3. Bb5 a6 4. Bxc6 dxc6 5. O-O Qd6 6. Na3 b5 7. c3 c5 8. Nc2
Bb7 9. Re1 Nf6 10. d4 cxd4 11. cxd4 Nxe4 12. Nxe5 Be7 13. Bf4 O-O 14. f3 Ng5
15. Qd2 Qd8 16. Nb4 Bxb4 17. Qxb4 Ne6 18. Be3 Qd5 19. Nd3 a5 1/2-1/2

[Event "XI Festival A"]
[Site "Campobasso ITA"]
[Date "2004.07.11"]
[Round "6"]
[White "Della Corte, Alessandro"]
[Black "Messina, Enrico"]
[Result "1/2-1/2"]
[WhiteElo "2128"]
[BlackElo "2112"]
[PlyCount "53"]
[EventDate "2004.07.09"]

1. e4 e5 2. Nf3 d6 3. d4 Nf6 4. Nc3 Nbd7 5. Bc4 Be7 6. O-O O-O 7. Qe2 c6 8. a4
Qc7 9. Rd1 b6 10. dxe5 Nxe5 11. Nxe5 dxe5 12. f3 Bc5+ 13. Be3 Qe7 14. Qf2 Nd7
15. Bxc5 Qxc5 16. Qxc5 Nxc5 17. Rd6 Be6 18. Bxe6 Nxe6 19. Rxc6 Nd4 20. Rc7 Nxc2
21. Rc1 Nd4 22. Kf2 Ne6 23. Re7 Rfd8 24. Nd5 Kf8 25. Rb7 Nc5 26. Rc7 Nd3+ 27.
Ke3 1/2-1/2

[Event "XI Festival A"]
[Site "Campobasso ITA"]
[Date "2004.07.11"]
[Round "6"]
[White "Djuric, Stefan"]
[Black "Mitkov, Nikola"]
[Result "0-1"]
[WhiteElo "2511"]
[BlackElo "2534"]
[PlyCount "36"]
[EventDate "2004.07.09"]

1. e4 e5 2. Nf3 Nc6 3. Bb5 Nf6 4. Qe2 Bc5 5. c3 O-O 6. O-O d6 7. Rd1 Qe7 8. h3
Bb6 9. Na3 Nd8 10. Nc4 c6 11. Nxb6 axb6 12. Bc4 Be6 13. Bxe6 Nxe6 14. b4 b5 15.
d3 Rfd8 16. Qc2 Qc7 17. a4 Rdc8 18. Qb3 18... h6 {...} 0-1

[Event "XI Festival A"]
[Site "Campobasso ITA"]
[Date "2004.07.11"]
[Round "6"]
[White "Ficco, Corrado"]
[Black "Voiska, Margarita"]
[Result "0-1"]
[WhiteElo "2145"]
[BlackElo "2387"]
[PlyCount "70"]
[EventDate "2004.07.09"]

1. d4 c5 2. e3 Nf6 3. c4 g6 4. Nf3 Bg7 5. Nc3 O-O 6. Be2 d6 7. O-O Nc6 8. d5
Na5 9. e4 Bg4 10. Ng5 Bxe2 11. Qxe2 h6 12. Nf3 Re8 13. Qd3 a6 14. Rb1 e6 15.
Bd2 Rb8 16. Rfe1 b5 17. b3 Qb6 18. dxe6 Rxe6 19. Nd5 Qd8 20. Nf4 Re8 21. cxb5
axb5 22. e5 dxe5 23. Qxd8 Rbxd8 24. Bxa5 Ra8 25. Nxg6 fxg6 26. Bb6 e4 27. Nh4
Nd7 28. Bc7 Kh7 29. Rbd1 Bd4 30. Re2 Nf6 31. Rc2 Nd5 32. Rxc5 Bxc5 33. Rxd5
Rxa2 34. Rd7+ Re7 35. Rxe7+ Bxe7 0-1

[Event "XI Festival A"]
[Site "Campobasso ITA"]
[Date "2004.07.11"]
[Round "6"]
[White "Georgiev, Vladimir"]
[Black "Mrdja, Milan"]
[Result "0-1"]
[WhiteElo "2511"]
[BlackElo "2432"]
[PlyCount "108"]
[EventDate "2004.07.09"]

1. d4 Nf6 2. Bg5 e6 3. Nd2 Be7 4. c3 b6 5. e4 d5 6. e5 Nfd7 7. Bxe7 Qxe7 8. b4
f6 9. f4 fxe5 10. fxe5 c5 11. bxc5 bxc5 12. Ngf3 cxd4 13. cxd4 O-O 14. Bd3 Ba6
15. Bb1 Rc8 16. h4 Nc6 17. Kf2 Nb4 18. Kg3 Rc3 19. a3 Nc6 20. Kf2 Rf8 21. Qa4
Bb7 22. Qb5 Nxd4 23. Qb4 Qxb4 24. axb4 Nxe5 25. Rxa7 Nexf3 26. gxf3 Nxf3 27.
Rxb7 Nxd2+ 28. Ke2 Nf3 29. h5 Nd4+ 30. Kd1 Rcf3 31. Re1 R3f7 32. Rxf7 Rxf7 33.
Bd3 Ra7 34. Re3 Rb7 35. b5 Kf7 36. Bxh7 Rxb5 37. Ra3 Rb7 38. Ra4 Nc6 39. Ra6
Rc7 40. Kd2 Kf6 41. Ra1 Ke5 42. Ke3 Nd4 43. Kd3 Nb3 44. Re1+ Kd6 45. Rg1 Nc5+
46. Ke3 Ra7 47. Bg8 Ra3+ 48. Ke2 Rh3 49. Bf7 Nd3 50. Rg4 Ne5 51. Rxg7 Nxf7 52.
Rxf7 Rxh5 53. Rf6 Ke5 54. Rg6 Rh3 0-1

[Event "XI Festival A"]
[Site "Campobasso ITA"]
[Date "2004.07.11"]
[Round "6"]
[White "Ljubisavljevic, Zivojin Z."]
[Black "Femiano, Andrea"]
[Result "1/2-1/2"]
[WhiteElo "2280"]
[BlackElo "2125"]
[PlyCount "80"]
[EventDate "2004.07.09"]

1. d4 Nf6 2. c3 e6 3. Bg5 d5 4. Nd2 Be7 5. Bxf6 Bxf6 6. e4 dxe4 7. Nxe4 Be7 8.
Nf3 O-O 9. Bd3 Nd7 10. O-O b6 11. Qe2 Bb7 12. Rad1 Nf6 13. Ne5 Nxe4 14. Bxe4
Bxe4 15. Qxe4 Qd5 16. Qxd5 exd5 17. Rfe1 Bd6 18. Ng4 Rfe8 19. Ne3 c6 20. Nf5
Bf8 21. Kf1 g6 22. Ne3 h5 23. h3 Bh6 24. Nc2 a5 25. Rxe8+ Rxe8 26. Ne1 Kf8 27.
Nd3 Bg7 28. Rb1 Rc8 29. b4 a4 30. Re1 b5 31. Nc5 Rc7 32. Na6 Rb7 33. f4 Bf6 34.
Kf2 Be7 35. Kf3 Bd6 36. Nc5 Bxc5 37. dxc5 Re7 38. Rxe7 Kxe7 39. g4 hxg4+ 40.
hxg4 f5 1/2-1/2